MARC

LEADER 00000nam0a2200000 4500
001 372561
005 20231102012504.0
035 |a (RuTPU)RU\TPU\retro\29985 
035 |a RU\TPU\book\221427 
090 |a 372561 
100 |a 20221215d1955 m y0rusy50 ca 
101 0 |a rus 
102 |a RU 
105 |a a z 001zy 
200 1 |a Книга сельского радиолюбителя  |f И. П. Жеребцов 
210 |a Москва  |c Изд-во ДОСАФ СССР  |d 1955 
215 |a 384 с.  |c ил. 
320 |a Библиогр.: с. 379-380. 
606 1 |a Радиотехника в сельском хозяйстве  |2 stltpush  |3 (RuTPU)RU\TPU\subj\23198  |9 47834 
610 1 |a радио 
610 1 |a радиолюбительство 
610 1 |a радиоприемники 
610 1 |a детекторные приемники 
610 1 |a ламповые усилители 
610 1 |a запись 
610 1 |a звук 
610 1 |a УКВ 
610 1 |a питание 
610 1 |a сельская связь 
610 1 |a телевидение 
610 1 |a радиокружок 
610 1 |a источники 
675 |a 631.17  |v 3 
700 1 |a Жеребцов  |b И. П.  |g Иван Петрович 
801 1 |a RU  |b 63413507  |c 20111031 
801 2 |a RU  |b 63413507  |c 20221215  |g RCR 
942 |c BK